[Event "XXXII Memorial Edoardo Crespi A"]
[Site "Milano ITA"]
[Date "2011.12.08"]
[Round "6"]
[White "Radice, Luca"]
[Black "Gonella, Daniele"]
[Result "1-0"]
[WhiteElo "1969"]
[BlackElo "2103"]
[PlyCount "108"]
[EventDate "2011.12.03"]

1. d4 d5 2. Nf3 Nf6 3. c4 e6 4. Nc3 Be7 5. Bg5 O-O 6. e3 h6 7. Bxf6 Bxf6 8. h4
c5 9. g4 cxd4 10. exd4 Re8 11. g5 hxg5 12. hxg5 Bxg5 13. Ne5 g6 14. Bd3 Qf6 15.
Rh3 Nc6 16. Rf3 Bf4 17. Ne2 g5 18. Nxf4 gxf4 19. Qd2 Nxe5 20. dxe5 Qxe5+ 21.
Be2 Qc7 22. Rxf4 e5 23. Rh4 Re6 24. O-O-O Rg6 25. Rdh1 Kf8 26. Rh8+ Ke7 27. Bd3
e4 28. Be2 dxc4 29. Kb1 Bf5 30. Qb4+ Kf6 31. Qc3+ Qe5 32. Rxa8 e3+ 33. Kc1
Qxc3+ 34. bxc3 exf2 35. Rf1 Rg1 36. Kd2 Rxf1 37. Bxf1 Bd3 38. Bg2 f1=Q 39. Bxf1
Bxf1 40. Rxa7 Bg2 41. Ra5 Ke6 42. Ke3 Kd6 43. Kd4 Bc6 44. Kxc4 b5+ 45. Kd4 f5
46. c4 bxc4 47. Rxf5 Bd7 48. Rc5 Bc6 49. Rxc4 Kc7 50. Kc5 Bd7 51. Rb4 Bc8 52.
a4 Bh3 53. a5 Bc8 54. Rb6 Bb7 1-0

[Event "XXXII Memorial Edoardo Crespi A"]
[Site "Milano ITA"]
[Date "2011.12.08"]
[Round "6"]
[White "Rota, Giacomo"]
[Black "Bemporad, Filippo"]
[Result "1/2-1/2"]
[WhiteElo "2008"]
[BlackElo "2070"]
[PlyCount "83"]
[EventDate "2011.12.03"]

1. d4 Nf6 2. Nf3 e6 3. c4 b6 4. Nc3 Bb7 5. Bg5 Be7 6. e3 O-O 7. Bd3 d5 8. O-O
Nbd7 9. Rc1 c5 10. Qe2 Ne4 11. Bxe7 Qxe7 12. Rfd1 Rac8 13. cxd5 Nxc3 14. bxc3
exd5 15. c4 dxc4 16. Bxc4 Nf6 17. Ne5 cxd4 18. exd4 Nd5 19. Qg4 Rc7 20. Bb3
Rfc8 21. Rxc7 Qxc7 22. h4 Rd8 23. h5 h6 24. Qf5 Bc8 25. Qf3 Be6 26. Re1 Qc3 27.
Qxc3 Nxc3 28. Nc6 Rd7 29. Bxe6 fxe6 30. Rxe6 Nxa2 31. Re8+ Kf7 32. Ra8 Ke6 33.
Nxa7 Rxd4 34. Nb5 Rd1+ 35. Kh2 Nb4 36. Re8+ Kf7 37. Rb8 Nd5 38. Kg3 Rb1 39.
Nd6+ Ke6 40. Ne8 Kf7 41. Nd6+ Ke6 42. Ne8 1/2-1/2

[Event "XXXII Memorial Edoardo Crespi A"]
[Site "Milano ITA"]
[Date "2011.12.08"]
[Round "6"]
[White "Salmoiraghi, Angelo"]
[Black "Sbarra, Marco"]
[WhiteElo "2174"]
[BlackElo "2245"]
[Result "0-1"]
[PlyCount "74"]
[EventDate "2011.12.03"]

1. c4 e6 2. g3 d5 3. Bg2 Nf6 4. Nf3 Be7 5. O-O O-O 6. b3 c5 7. e3 Nc6 8. Bb2 d4
9. exd4 cxd4 10. d3 e5 11. Re1 Nd7 12. Na3 Re8 13. Nc2 a5 14. Na3 a4 15. bxa4
Bb4 16. Re2 Nc5 17. Nb5 Bf5 18. Nfxd4 Nxd4 19. Bxd4 exd4 20. Rxe8+ Qxe8 21. Nc7
Qxa4 22. Nxa8 Qxa8 23. Rb1 Qa3 24. Qe2 h6 25. Qe8+ Kh7 26. Qxf7 Qxd3 27. Rf1
Be4 28. f3 Bg6 29. Qd5 Qe3+ 30. Kh1 Nd3 31. h4 h5 32. Qxb7 Bd6 33. c5 Bxg3 34.
Bh3 Qe2 35. Bg2 Nf4 36. Rg1 d3 37. Qb5 Qe7 0-1

[Event "XXXII Memorial Edoardo Crespi A"]
[Site "Milano ITA"]
[Date "2011.12.08"]
[Round "6"]
[White "Sardo, Gabriele"]
[Black "Stella, Andrea"]
[WhiteElo "2218"]
[BlackElo "2448"]
[Result "0-1"]
[PlyCount "56"]
[EventDate "2011.12.03"]

1. e4 c5 2. Nc3 e6 3. Nf3 d6 4. d4 cxd4 5. Nxd4 a6 6. Be3 Nf6 7. Qd2 b5 8. f3
Nbd7 9. O-O-O Bb7 10. g4 Nb6 11. g5 Nfd7 12. Qf2 Rc8 13. Nce2 Nc4 14. Kb1 Qc7
15. c3 Nc5 16. Ka1 Be7 17. h4 d5 18. exd5 Bxd5 19. Nf5 Qe5 20. Bxc5 Bxc5 21.
Ned4 Qxf5 22. Nxf5 Bxf2 23. Bxc4 bxc4 24. Rhf1 exf5 25. Rxd5 Bxh4 26. Re5+ Kf8
27. f4 g6 28. Re3 h6 0-1

[Event "XXXII Memorial Edoardo Crespi A"]
[Site "Milano ITA"]
[Date "2011.12.08"]
[Round "6"]
[White "Valsecchi, Alessio"]
[Black "Lazic, Miroljub"]
[WhiteElo "2376"]
[BlackElo "2459"]
[Result "1-0"]
[PlyCount "65"]
[EventDate "2011.12.03"]

1. d4 d6 2. g3 e5 3. dxe5 dxe5 4. Qxd8+ Kxd8 5. Nc3 c6 6. f4 exf4 7. Bxf4 Nf6
8. Nf3 Nbd7 9. O-O-O Ke8 10. Bg2 Nc5 11. Ne5 Nfd7 12. Nc4 Ne6 13. Nd6+ Bxd6 14.
Bxd6 Nb6 15. b3 Bd7 16. Ba3 Rd8 17. Ne4 Nc8 18. Rd3 f5 19. Nd2 Nb6 20. Rf1 g6
21. e4 Bc8 22. Re3 Kd7 23. Bb2 Rhf8 24. exf5 gxf5 25. Rfe1 Rde8 26. c4 c5 27.
Nf3 Kd8 28. Rd1+ Nd7 29. Be5 f4 30. Red3 fxg3 31. hxg3 Ng5 32. Bd6 Rf5 33. g4
1-0

[Event "XXXII Memorial Edoardo Crespi A"]
[Site "Milano ITA"]
[Date "2011.12.08"]
[Round "7"]
[White "Astengo, Marcello"]
[Black "Basso, Pier Luigi"]
[Result "0-1"]
[WhiteElo "2048"]
[BlackElo "2070"]
[PlyCount "98"]
[EventDate "2011.12.03"]

1. d4 d5 2. c4 e6 3. Nc3 Nf6 4. cxd5 exd5 5. Bg5 Nbd7 6. e3 Be7 7. Bd3 b6 8.
Nf3 Bb7 9. O-O O-O 10. Rc1 c5 11. Bb1 c4 12. Qc2 g6 13. Rcd1 a6 14. Rfe1 b5 15.
a3 Bc6 16. Ne5 Nxe5 17. dxe5 Ng4 18. Bf4 f6 19. Nxd5 Bxd5 20. e4 Bc5 21. Rxd5
Bxf2+ 22. Qxf2 Nxf2 23. Rxd8 Raxd8 24. Bh6 fxe5 25. Bxf8 Rxf8 26. h3 Nd3 27.
Bxd3 cxd3 28. Rd1 Rf4 29. Rxd3 Rxe4 30. Kf2 Rc4 31. Rd2 Kf7 32. Ke3 Ke6 33. Rf2
b4 34. axb4 Rxb4 35. Kd3 Kd5 36. Kc3 Rc4+ 37. Kb3 Rc6 38. Rf7 h6 39. g4 g5 40.
Rf2 e4 41. Rh2 Kd4 42. h4 gxh4 43. Rxh4 Kd3 44. Rh5 e3 45. Rd5+ Ke2 46. g5 hxg5
47. Rxg5 Ke1 48. Re5 e2 49. Kb4 Rf6 0-1

[Event "XXXII Memorial Edoardo Crespi A"]
[Site "Milano ITA"]
[Date "2011.12.08"]
[Round "7"]
[White "Attuati, Stefano"]
[Black "Rota, Giacomo"]
[Result "1-0"]
[WhiteElo "2006"]
[BlackElo "2008"]
[PlyCount "71"]
[EventDate "2011.12.03"]

1. e4 c6 2. d4 d5 3. Nc3 dxe4 4. Nxe4 Bf5 5. Ng3 Bg6 6. Nf3 Nd7 7. h4 h5 8. Bd3
Bxd3 9. Qxd3 Qc7 10. Ng5 Ngf6 11. Bd2 e6 12. Qe2 Nb6 13. O-O-O O-O-O 14. Ba5
Rd7 15. Kb1 Bd6 16. N3e4 Nxe4 17. Nxe4 Qb8 18. c4 Be7 19. Rh3 e5 20. d5 cxd5
21. cxd5 Rh6 22. Rc3+ Kd8 23. d6 Bxd6 24. Bxb6+ axb6 25. Qd2 Ke7 26. Rd3 Rd8
27. Qg5+ Kf8 28. Qd2 Ke7 29. Qg5+ Kf8 30. Ng3 Rg6 31. Qxh5 Rh6 32. Qg5 Rg6 33.
Qd2 Ke8 34. Qe3 Re6 35. Nf5 Kf8 36. Qd2 1-0

[Event "XXXII Memorial Edoardo Crespi A"]
[Site "Milano ITA"]
[Date "2011.12.08"]
[Round "7"]
[White "Battistella, Stefano"]
[Black "Berni, Fabrizio"]
[Result "1/2-1/2"]
[WhiteElo "2081"]
[BlackElo "2146"]
[PlyCount "68"]
[EventDate "2011.12.03"]

1. c4 e6 2. Nf3 Nf6 3. d4 d5 4. g3 Bb4+ 5. Bd2 Be7 6. Bg2 O-O 7. Qc2 c6 8. O-O
b6 9. Bf4 Ba6 10. b3 Nbd7 11. Nbd2 Nh5 12. e4 Nxf4 13. gxf4 dxe4 14. Nxe4 g6
15. Rfd1 Bb7 16. Ne5 Qc7 17. Qe2 Nf6 18. Rac1 Nxe4 19. Qxe4 Rac8 20. Rd3 Kg7
21. Rh3 f5 22. Qe2 Rcd8 23. Rd1 Rfe8 24. Rdd3 Bf6 25. Rdg3 Bxe5 26. fxe5 Re7
27. Qh5 Kh8 28. Qxg6 Rf8 29. Qh6 Rff7 30. Rg6 Bc8 31. Rhg3 Re8 32. h4 c5 33.
Rf6 cxd4 34. Rd3 Ree7 1/2-1/2

[Event "XXXII Memorial Edoardo Crespi A"]
[Site "Milano ITA"]
[Date "2011.12.08"]
[Round "7"]
[White "Bellia, Fabrizio"]
[Black "Radice, Luca"]
[WhiteElo "2418"]
[BlackElo "1969"]
[Result "1-0"]
[PlyCount "45"]
[EventDate "2011.12.03"]

1. e4 e6 2. d4 d5 3. Nd2 c5 4. exd5 Qxd5 5. dxc5 Bxc5 6. Ngf3 Nf6 7. Bc4 Qd8 8.
Qe2 Nc6 9. O-O O-O 10. Ne4 Be7 11. Rd1 Qc7 12. Bg5 Nxe4 13. Qxe4 h6 14. Bf4 Qb6
15. Ne5 Nxe5 16. Bxe5 f5 17. Qe2 Bf6 18. a4 a5 19. Ra3 Bxe5 20. Qxe5 Qc6 21.
Rg3 g5 22. Rh3 Kh7 23. Rd8 1-0

[Event "XXXII Memorial Edoardo Crespi A"]
[Site "Milano ITA"]
[Date "2011.12.08"]
[Round "7"]
[White "Bemporad, Filippo"]
[Black "Tramalloni, Luca"]
[Result "1-0"]
[WhiteElo "2070"]
[BlackElo "2111"]
[PlyCount "101"]
[EventDate "2011.12.03"]

1. d4 Nf6 2. Nf3 e6 3. g3 b5 4. Bg2 Bb7 5. O-O d6 6. b3 Nbd7 7. Bb2 Be7 8. Nbd2
O-O 9. c4 bxc4 10. Nxc4 c5 11. Rc1 Rc8 12. dxc5 Nxc5 13. Qd4 Bd5 14. b4 Na4 15.
Ba1 Nb6 16. Nfd2 Bxg2 17. Kxg2 d5 18. Ne5 Qd6 19. a3 Rfd8 20. Ndf3 h6 21. Rfd1
Bf8 22. Nd2 Nfd7 23. Ng4 f6 24. f4 Be7 25. Qd3 Nf8 26. Nf3 Nc4 27. Ne3 Nb6 28.
Nh4 Kf7 29. Nf3 Qd7 30. Qb3 Rxc1 31. Rxc1 Kg8 32. Rd1 Qb5 33. Nd4 Qd7 34. Qd3
Rc8 35. Rd2 Kf7 36. Nf3 Nc4 37. Nxc4 Rxc4 38. Qxc4 dxc4 39. Rxd7 Nxd7 40. Nd2
Nb6 41. Kf3 f5 42. Bd4 Bf6 43. Bxb6 c3 44. Be3 cxd2 45. Bxd2 e5 46. fxe5 Bxe5
47. b5 Ke6 48. Be3 Bb8 49. a4 g5 50. g4 fxg4+ 51. Kxg4 1-0

[Event "XXXII Memorial Edoardo Crespi A"]
[Site "Milano ITA"]
[Date "2011.12.08"]
[Round "7"]
[White "Bonanno, Alessandro"]
[Black "Gongalov, Bojan"]
[Result "0-1"]
[WhiteElo "2132"]
[BlackElo "2084"]
[PlyCount "104"]
[EventDate "2011.12.03"]

1. e4 Nf6 2. Nc3 d5 3. e5 Ne4 4. d4 Nxc3 5. bxc3 c5 6. f4 Nc6 7. Nf3 Bg4 8. Be2
e6 9. O-O Qc7 10. Be3 cxd4 11. cxd4 Bb4 12. c4 dxc4 13. Bxc4 O-O 14. Rc1 Rad8
15. h3 Bf5 16. g4 Be4 17. Ng5 Bd5 18. Bd3 h6 19. Ne4 Qb6 20. Rb1 Qa5 21. g5
Bxe4 22. Bxe4 Nxd4 23. Qg4 Nf5 24. gxh6 g6 25. Bf2 Rd7 26. h4 Kh7 27. Rb3 Bc5
28. Bxf5 gxf5 29. Qg2 Rd2 30. Qf3 Rxf2 31. Rxf2 Rd8 32. Qc3 Bxf2+ 33. Kxf2
Qxa2+ 34. Rb2 Rd3 35. Qb4 Qd5 36. Qxb7 Rd2+ 37. Ke1 Rd1+ 38. Kf2 Qd4+ 39. Kg2
Kxh6 40. Rf2 Qd5+ 41. Qxd5 Rxd5 42. Rc2 Rd7 43. Kf3 a5 44. Ra2 Rd3+ 45. Ke2 Rd5
46. Ke3 Kh5 47. Kf3 Rb5 48. Ra1 Rb3+ 49. Kf2 Kg4 50. h5 Kxh5 51. Rxa5 Kg4 52.
Ra4 Rf3+ 0-1

[Event "XXXII Memorial Edoardo Crespi A"]
[Site "Milano ITA"]
[Date "2011.12.08"]
[Round "7"]
[White "Bove, Alessandro"]
[Black "Sardo, Gabriele"]
[WhiteElo "2369"]
[BlackElo "2218"]
[Result "1-0"]
[PlyCount "41"]
[EventDate "2011.12.03"]

1. d4 d5 2. c4 c6 3. Nf3 Nf6 4. Nc3 e6 5. Qd3 dxc4 6. Qxc4 b5 7. Qd3 a6 8. e4
c5 9. e5 c4 10. Qc2 Nd5 11. Be2 Bb7 12. O-O Be7 13. a3 h6 14. Bd1 O-O 15. Qe4
Qc7 16. Qg4 Kh8 17. Bc2 Nxc3 18. bxc3 Rd8 19. Qh5 Bf8 20. Ng5 Kg8 21. Nxf7 1-0

[Event "XXXII Memorial Edoardo Crespi A"]
[Site "Milano ITA"]
[Date "2011.12.08"]
[Round "7"]
[White "Cacciola, Alfredo"]
[Black "Salmoiraghi, Angelo"]
[Result "1-0"]
[WhiteElo "2080"]
[BlackElo "2174"]
[PlyCount "89"]
[EventDate "2011.12.03"]

1. e4 e5 2. Nf3 Nc6 3. Bb5 g6 4. c3 a6 5. Ba4 Bg7 6. O-O b5 7. Bb3 Nge7 8. h3
O-O 9. a4 Rb8 10. axb5 axb5 11. d4 exd4 12. cxd4 d6 13. Bf4 h6 14. d5 Ne5 15.
Nxe5 Bxe5 16. Bxh6 Bxb2 17. Ra7 Bg7 18. Bxg7 Kxg7 19. Qd4+ f6 20. Rc1 Rb7 21.
Rxb7 Bxb7 22. Qa7 Qc8 23. Na3 c6 24. Nxb5 Rd8 25. dxc6 Nxc6 26. Qb6 Qd7 27.
Nxd6 Ba8 28. Nb5 Rb8 29. Qc7 Qxc7 30. Nxc7 Rxb3 31. Nxa8 Ne5 32. Nc7 Rb2 33.
Nd5 f5 34. Rc7+ Kf8 35. exf5 gxf5 36. Ne3 f4 37. Ng4 Nd3 38. h4 Rb1+ 39. Kh2
Rb2 40. Rc3 Rd2 41. Kh3 Kg7 42. Ra3 Kf8 43. h5 Kg7 44. h6+ Kh8 45. Nf6 1-0

[Event "XXXII Memorial Edoardo Crespi A"]
[Site "Milano ITA"]
[Date "2011.12.08"]
[Round "7"]
[White "David, Alberto"]
[Black "Kosic, Dragan"]
[WhiteElo "2597"]
[BlackElo "2502"]
[Result "1/2-1/2"]
[PlyCount "52"]
[EventDate "2011.12.03"]

1. d4 e6 2. c4 Bb4+ 3. Bd2 Bxd2+ 4. Qxd2 Nf6 5. Nc3 d5 6. e3 O-O 7. Nf3 Qe7 8.
cxd5 exd5 9. Bd3 Rd8 10. O-O Nc6 11. h3 Ne4 12. Qd1 Rd6 13. Qb3 Be6 14. a3 Re8
15. Rfe1 Ra8 16. Rf1 Re8 17. Rfe1 a6 18. Rad1 Qd7 19. Ne5 Nxe5 20. dxe5 Nxc3
21. bxc3 Rb6 22. Qc2 g6 23. c4 Rc6 24. Qb1 Rb6 25. Qc2 Rc6 26. Qb1 Rb6 1/2-1/2

[Event "XXXII Memorial Edoardo Crespi A"]
[Site "Milano ITA"]
[Date "2011.12.08"]
[Round "7"]
[White "Di Lascio, Savino"]
[Black "Moroni, Luca jr"]
[Result "0-1"]
[WhiteElo "2015"]
[BlackElo "2030"]
[PlyCount "82"]
[EventDate "2011.12.03"]

1. Nf3 d5 2. g3 Nf6 3. Bg2 e6 4. O-O Be7 5. c4 O-O 6. b3 c5 7. cxd5 Nxd5 8. Bb2
Bf6 9. Nc3 Nc6 10. e4 Ndb4 11. e5 Nxe5 12. Nxe5 Bxe5 13. Be4 Nd3 14. Ba3 f5 15.
Bxd3 Qxd3 16. Bxc5 Rd8 17. Qe1 Bf6 18. Rd1 b6 19. Ba3 Kf7 20. Qe2 Qxe2 21. Nxe2
Ba6 22. Rfe1 g5 23. d4 Bxe2 24. Rxe2 Bxd4 25. Red2 Bf6 26. Rd7+ Ke8 27. R7d6
Be7 28. Rxd8+ Rxd8 29. Rxd8+ Kxd8 30. Bc1 Kd7 31. Kf1 Kc6 32. Ke2 Kd5 33. f3 h5
34. h3 g4 35. hxg4 hxg4 36. f4 Bd6 37. Kd3 e5 38. a4 exf4 39. gxf4 Bc5 40. Bd2
g3 41. Be3 g2 0-1

[Event "XXXII Memorial Edoardo Crespi A"]
[Site "Milano ITA"]
[Date "2011.12.08"]
[Round "7"]
[White "Doric, Darko"]
[Black "Anurag, Mhamal"]
[WhiteElo "2504"]
[BlackElo "2222"]
[Result "1/2-1/2"]
[PlyCount "81"]
[EventDate "2011.12.03"]

1. d4 d5 2. c4 c6 3. Nc3 Nf6 4. Nf3 g6 5. cxd5 cxd5 6. Bf4 Bg7 7. e3 O-O 8. h3
Nc6 9. Bd3 a6 10. O-O Bf5 11. Bxf5 gxf5 12. Ne5 Rc8 13. Rc1 e6 14. Qb3 Qe7 15.
Rfd1 Nxe5 16. Bxe5 Rc6 17. Bxf6 Bxf6 18. Na4 Rfc8 19. Rxc6 Rxc6 20. Nc5 Qc7 21.
g3 Be7 22. Na4 Bd6 23. Kg2 Qa5 24. Nc3 Qb6 25. Qxb6 Rxb6 26. Rb1 Bb4 27. Na4
Rc6 28. a3 Bd6 29. b4 b6 30. Rb3 Kf8 31. Rc3 Rxc3 32. Nxc3 Ke7 33. g4 fxg4 34.
hxg4 Kf6 35. Kf3 Kg6 36. e4 dxe4+ 37. Nxe4 Bc7 38. a4 f5 39. gxf5+ Kxf5 40. Nc3
h5 41. b5 1/2-1/2

[Event "XXXII Memorial Edoardo Crespi A"]
[Site "Milano ITA"]
[Date "2011.12.08"]
[Round "7"]
[White "Gonella, Daniele"]
[Black "Brunello, Roberta"]
[Result "0-1"]
[WhiteElo "2103"]
[BlackElo "1969"]
[PlyCount "88"]
[EventDate "2011.12.03"]

1. e4 e5 2. Nf3 Nc6 3. Bb5 d6 4. d4 Bd7 5. Nc3 Nf6 6. O-O Be7 7. Re1 exd4 8.
Nxd4 O-O 9. Bxc6 bxc6 10. Bg5 Ng4 11. Nxc6 Bxc6 12. Bxe7 Qxe7 13. Qxg4 Rab8 14.
b3 Rbe8 15. Qd1 f5 16. Qd4 Kh8 17. f3 fxe4 18. Nxe4 Qh4 19. Qf2 Rxe4 20. Rxe4
Qxf2+ 21. Kxf2 Bxe4 22. Ke3 Bc6 23. c4 Re8+ 24. Kd3 Kg8 25. b4 Kf7 26. b5 Bd7
27. a4 Re5 28. Ra2 Be6 29. a5 Rc5 30. Ra4 d5 31. cxd5 Rxd5+ 32. Kc4 Ke7 33. Rb4
Kd6 34. Kc3 Bd7 35. b6 cxb6 36. axb6 axb6 37. Rxb6+ Bc6 38. Rb4 Rg5 39. Rb2 Rh5
40. h3 Ke5 41. Rb6 Bxf3 42. gxf3 Rxh3 43. Kd3 Rxf3+ 44. Ke2 Rf7 0-1

[Event "XXXII Memorial Edoardo Crespi A"]
[Site "Milano ITA"]
[Date "2011.12.08"]
[Round "7"]
[White "Iudicello, Giovanni"]
[Black "Miracola, Massimiliano"]
[Result "0-1"]
[WhiteElo "2188"]
[BlackElo "2007"]
[PlyCount "68"]
[EventDate "2011.12.03"]

1. e4 c5 2. Nf3 d6 3. d4 cxd4 4. Nxd4 Nf6 5. Nc3 g6 6. Be3 Bg7 7. f3 Nc6 8. Qd2
O-O 9. g4 Bd7 10. h4 Rc8 11. h5 Ne5 12. hxg6 fxg6 13. O-O-O Qa5 14. Nb3 Qc7 15.
Be2 b5 16. Rdf1 Nc4 17. Bxc4+ bxc4 18. Nd4 Rb8 19. Nd1 Rfc8 20. c3 Qa5 21. Kb1
Rb7 22. Rh2 Ba4 23. Nc2 Bxc2+ 24. Qxc2 Rc6 25. Ka1 Ra6 26. a3 Nd7 27. Bd4 e5
28. Be3 Rb3 29. Rfh1 Nc5 30. Bxc5 Qxc5 31. Qc1 h6 32. Ne3 Rb7 33. Nd5 Rf7 34.
Nb4 Rb6 0-1

[Event "XXXII Memorial Edoardo Crespi A"]
[Site "Milano ITA"]
[Date "2011.12.08"]
[Round "7"]
[White "Lazic, Miroljub"]
[Black "Brunello, Marina"]
[WhiteElo "2459"]
[BlackElo "2221"]
[Result "1-0"]
[PlyCount "91"]
[EventDate "2011.12.03"]

1. g3 Nf6 2. Bg2 d5 3. Nf3 c6 4. O-O Bg4 5. d3 e6 6. Nbd2 Nbd7 7. h3 Bh5 8. e4
dxe4 9. dxe4 e5 10. Qe1 Qc7 11. a4 Be7 12. Nh4 Bg6 13. Qe2 O-O 14. Nxg6 hxg6
15. h4 Rfd8 16. Bh3 Nc5 17. Re1 Rd4 18. a5 Re8 19. f3 b5 20. axb6 axb6 21. Nf1
Ra4 22. Rxa4 Nxa4 23. Kg2 b5 24. Rd1 Rd8 25. b3 Nc3 26. Rxd8+ Qxd8 27. Qd2 Qd4
28. Qxd4 exd4 29. Bb2 Bb4 30. Bc8 Kf8 31. Bb7 c5 32. Ba6 Ne8 33. Bxc3 Bxc3 34.
Bxb5 Nd6 35. Bd3 Be1 36. e5 Ne8 37. f4 Nc7 38. Bc4 Ke7 39. Nh2 Ne6 40. Nf3 Ba5
41. Kf2 Bc7 42. Ke2 Nd8 43. Bd5 f6 44. Kd3 Nf7 45. Bxf7 Kxf7 46. Ke4 1-0

[Event "XXXII Memorial Edoardo Crespi A"]
[Site "Milano ITA"]
[Date "2011.12.08"]
[Round "7"]
[White "Martinez, Rolly"]
[Black "Sedlak, Nikola"]
[WhiteElo "2420"]
[BlackElo "2592"]
[Result "1/2-1/2"]
[PlyCount "94"]
[EventDate "2011.12.03"]

1. e4 c5 2. Nf3 d6 3. d4 cxd4 4. Qxd4 a6 5. Be3 Nc6 6. Qd2 Nf6 7. Nc3 e6 8.
O-O-O Qc7 9. Bf4 Ng4 10. h3 Nge5 11. Nd4 Be7 12. Bh2 Nxd4 13. Qxd4 O-O 14. f4
Nc6 15. Qe3 b5 16. g4 Bb7 17. g5 Rac8 18. Rd2 Na5 19. Kb1 Qc5 20. Qxc5 Rxc5 21.
Bd3 Nc4 22. Re2 Rfc8 23. Nd1 e5 24. h4 f5 25. Nf2 d5 26. exf5 e4 27. Bxc4 bxc4
28. c3 Rb5 29. Rd1 Rb8 30. f6 gxf6 31. Ng4 Rf8 32. Nxf6+ Bxf6 33. gxf6 Rxf6 34.
Rg1+ Kf7 35. Kc1 Bc8 36. Rg5 h5 37. Re5 Bg4 38. Rd2 Bf3 39. f5 d4 40. cxd4 Rxf5
41. Rxf5+ Rxf5 42. Bg1 Ra5 43. a3 Ke6 44. d5+ Kd7 45. Rd4 Rb5 46. Rxc4 Rxd5 47.
Rd4 Rxd4 1/2-1/2

[Event "XXXII Memorial Edoardo Crespi A"]
[Site "Milano ITA"]
[Date "2011.12.08"]
[Round "7"]
[White "Massironi, Marco"]
[Black "Cazzaniga, Walter"]
[Result "1-0"]
[WhiteElo "2171"]
[BlackElo "2118"]
[PlyCount "57"]
[EventDate "2011.12.03"]

1. e4 e6 2. d4 d5 3. Nc3 Bb4 4. e5 c5 5. a3 Bxc3+ 6. bxc3 Ne7 7. Qg4 Qc7 8.
Qxg7 Rg8 9. Qxh7 cxd4 10. Rb1 Qxe5+ 11. Ne2 dxc3 12. h4 d4 13. Bf4 Qf5 14. Qxf5
Nxf5 15. Ng3 Nxg3 16. Bxg3 Nc6 17. h5 e5 18. Bd3 f5 19. h6 Be6 20. h7 Rh8 21.
Rh6 Ba2 22. Rxb7 O-O-O 23. Ba6 Bd5 24. Rxc6+ Bxc6 25. Re7+ Kb8 26. Bxe5+ Ka8
27. Bxh8 Rxh8 28. Rg7 Bd5 29. Bb7+ 1-0

[Event "XXXII Memorial Edoardo Crespi A"]
[Site "Milano ITA"]
[Date "2011.12.08"]
[Round "7"]
[White "Montani, Francesco"]
[Black "Agrifoglio, Fabio"]
[Result "1/2-1/2"]
[WhiteElo "2245"]
[BlackElo "2019"]
[PlyCount "85"]
[EventDate "2011.12.03"]

1. f4 c5 2. Nf3 Nf6 3. d3 d6 4. e4 Nc6 5. Be2 g6 6. O-O Bg7 7. Qe1 O-O 8. Nc3
e6 9. Qh4 Nd7 10. Qg3 Nb6 11. Kh1 d5 12. e5 Ne7 13. Qf2 Nd7 14. Bd2 a6 15. a4
b6 16. Rab1 Bb7 17. b4 Qc7 18. bxc5 bxc5 19. Kg1 d4 20. Ne4 Bxe4 21. dxe4 Qc6
22. Qh4 Rfe8 23. f5 exf5 24. Ng5 Nxe5 25. Qxh7+ Kf8 26. Bf4 Ng8 27. Qh4 Nf6 28.
Bxe5 Rxe5 29. Bc4 Rxe4 30. Nxe4 Nxe4 31. Qf4 Qd6 32. Rb7 Qxf4 33. Rxf7+ Ke8 34.
Rxf4 Be5 35. Rh7 Rb8 36. Rf1 Rb2 37. Bf7+ Kd8 38. Bxg6 d3 39. cxd3 Bd4+ 40. Kh1
Nf2+ 41. Kg1 Nxd3+ 42. Kh1 Nf2+ 43. Kg1 1/2-1/2

[Event "XXXII Memorial Edoardo Crespi A"]
[Site "Milano ITA"]
[Date "2011.12.08"]
[Round "7"]
[White "Nicolo', Filippo"]
[Black "Bozzali, Ermanno"]
[Result "1/2-1/2"]
[WhiteElo "2024"]
[BlackElo "2133"]
[PlyCount "103"]
[EventDate "2011.12.03"]

1. e4 c5 2. Nc3 Nc6 3. Bb5 Nd4 4. Nf3 g6 5. Nxd4 cxd4 6. Ne2 Bg7 7. O-O a6 8.
Bc4 b5 9. Bd5 Rb8 10. d3 Bb7 11. Bxb7 Rxb7 12. f4 Nh6 13. Ng3 O-O 14. f5 Rb6
15. Bd2 Rc6 16. Rc1 d5 17. Qf3 dxe4 18. Qxe4 Qd7 19. Bg5 Nxf5 20. Nxf5 gxf5 21.
Rxf5 Re6 22. Qf3 Qc6 23. Qxc6 Rxc6 24. Bxe7 Re8 25. Bg5 f6 26. Bd2 Rec8 27. c3
dxc3 28. Rxc3 b4 29. Rxc6 Rxc6 30. Bxb4 Rc1+ 31. Rf1 Rc2 32. Bc3 f5 33. Rxf5
Bxc3 34. bxc3 Rxc3 35. Ra5 Rxd3 36. Rxa6 Rd1+ 37. Kf2 Rd2+ 38. Kg3 Rd3+ 39. Kh4
Rd2 40. Kh3 Kg7 41. a4 h5 42. a5 Ra2 43. Ra8 Kh7 44. a6 Kg7 45. a7 Ra4 46. Kg3
Kh7 47. Kf3 Kg7 48. g3 Kh7 49. h3 Kg7 50. g4 hxg4+ 51. hxg4 Ra1 52. Kf4 1/2-1/2

[Event "XXXII Memorial Edoardo Crespi A"]
[Site "Milano ITA"]
[Date "2011.12.08"]
[Round "7"]
[White "Salvador, Roland"]
[Black "Shishkin, Vadim"]
[WhiteElo "2500"]
[BlackElo "2449"]
[Result "1/2-1/2"]
[PlyCount "35"]
[EventDate "2011.12.03"]

1. d4 Nf6 2. Nf3 g6 3. c4 Bg7 4. Nc3 d5 5. cxd5 Nxd5 6. e4 Nxc3 7. bxc3 c5 8.
Be2 Bg4 9. e5 Nc6 10. Be3 cxd4 11. cxd4 Qa5+ 12. Qd2 Qxd2+ 13. Nxd2 Bxe2 14.
Kxe2 Rd8 15. Nb3 O-O 16. Rhd1 Rd5 17. Rac1 Rfd8 18. Rc5 1/2-1/2

[Event "XXXII Memorial Edoardo Crespi A"]
[Site "Milano ITA"]
[Date "2011.12.08"]
[Round "7"]
[White "Sbarra, Marco"]
[Black "Colovic, Aleksandar"]
[WhiteElo "2245"]
[BlackElo "2451"]
[Result "0-1"]
[PlyCount "66"]
[EventDate "2011.12.03"]

1. d4 d5 2. c4 c6 3. Nf3 Nf6 4. e3 e6 5. Nbd2 c5 6. Bd3 Nc6 7. O-O cxd4 8. exd4
Be7 9. c5 O-O 10. a3 a5 11. Rb1 b6 12. b4 axb4 13. axb4 bxc5 14. bxc5 Ba6 15.
Nb3 Ne4 16. Bxa6 Rxa6 17. Qd3 Nb4 18. Qe3 Ra4 19. Bd2 Nc6 20. Ra1 Qa8 21. Ba5
Rc4 22. Bb6 Qb8 23. Na5 Nxa5 24. Rxa5 Rc3 25. Qe2 Bf6 26. Rfa1 Qf4 27. Qd1 g5
28. Ra7 g4 29. Bc7 Qf5 30. Ne5 Bxe5 31. Bxe5 Qxf2+ 32. Kh1 h5 33. Rc1 Qb2 0-1

[Event "XXXII Memorial Edoardo Crespi A"]
[Site "Milano ITA"]
[Date "2011.12.08"]
[Round "7"]
[White "Stella, Andrea"]
[Black "Solodovnichenko, Yuri"]
[WhiteElo "2448"]
[BlackElo "2629"]
[Result "0-1"]
[PlyCount "58"]
[EventDate "2011.12.03"]

1. e4 c5 2. c3 d6 3. d4 Nf6 4. Bd3 g6 5. dxc5 dxc5 6. e5 Nh5 7. h3 Nc6 8. Nf3
Ng7 9. Bf4 Ne6 10. Bg3 Bh6 11. O-O O-O 12. Na3 Qc7 13. Qa4 Bg7 14. Rfe1 a6 15.
Qh4 b5 16. Nc2 Bb7 17. Be4 Rad8 18. Ne3 Na5 19. b4 Bxe4 20. Qxe4 Qc6 21. Qh4
cxb4 22. cxb4 Nc4 23. Rac1 Rc8 24. Qxe7 Qa8 25. Ng4 Nb6 26. Rcd1 Nd5 27. Qh4
Rc4 28. Nd2 g5 29. Nh6+ Kh8 0-1

[Event "XXXII Memorial Edoardo Crespi A"]
[Site "Milano ITA"]
[Date "2011.12.08"]
[Round "7"]
[White "Thakur, Akash"]
[Black "Formento, Paolo"]
[WhiteElo "2324"]
[BlackElo "2133"]
[Result "1/2-1/2"]
[PlyCount "53"]
[EventDate "2011.12.03"]

1. e4 e6 2. d4 d5 3. exd5 exd5 4. Bd3 Bd6 5. Nf3 Nc6 6. O-O Bg4 7. c3 Nge7 8.
Nbd2 Qd7 9. Qc2 Bf5 10. Bxf5 Qxf5 11. Qxf5 Nxf5 12. Re1+ Nfe7 13. Nf1 f6 14.
Ng3 Kf7 15. Bd2 Rae8 16. Kf1 h5 17. Ne2 h4 18. Bf4 Bxf4 19. Nxf4 Nd8 20. h3 g5
21. Nd3 Nf5 22. Rxe8 Rxe8 23. Re1 Ne6 24. Nd2 a5 25. a4 c6 26. Nc5 Nd6 27. Nxe6
1/2-1/2

[Event "XXXII Memorial Edoardo Crespi A"]
[Site "Milano ITA"]
[Date "2011.12.08"]
[Round "7"]
[White "Valsecchi, Alessio"]
[Black "Malaniuk, Vladimir P."]
[WhiteElo "2376"]
[BlackElo "2504"]
[Result "0-1"]
[PlyCount "54"]
[EventDate "2011.12.03"]

1. e4 e5 2. f4 exf4 3. Bc4 Nf6 4. Nc3 Nc6 5. Nf3 Bb4 6. O-O O-O 7. e5 Ng4 8. d4
d6 9. Bxf4 dxe5 10. dxe5 Bc5+ 11. Kh1 Qxd1 12. Nxd1 Be6 13. Be2 Bd5 14. Ng5
Ngxe5 15. Nc3 Be6 16. Rae1 Bc4 17. Bxe5 Nxe5 18. Rf5 Rae8 19. Nb5 Bb6 20. Ne4
Bxe2 21. Rxe2 Nc4 22. Nbc3 Nxb2 23. h4 Re6 24. Nc5 Rxe2 25. Nxe2 g6 26. Re5 f6
27. Rd5 c6 0-1